000 00755nam a2200253Ia 4500
003 OSt
005 20260309093930.0
008 210716s2018 xx 000 0 und d
020 _a9789386479013
040 _cAIMIT LIBRARY
041 _aeng
082 _a510.62
_21
_bKALV
100 _aKala, V N.
_9258236
245 _aEngineering mathematics -II /
_cBy V N Kala and Rakesh C Bhadula
250 _a1st ed.
260 _aNew Delhi :
_c2018.
_bMedtech ,
300 _axi,199p. ;
_bPB
_c24.6 cm
440 _vII
650 _aLaplace transformation
_9258237
650 _aInfinite series
_9258238
650 _aApplication of partial differential equations
_9258239
700 _aBhadula, Rakesh C.
_9258240
942 _2ddc
_cBK
_e1st
_k510.62 KALV
999 _c195982
_d195982